000 00566nam a22001937a 4500
005 20251108164206.0
008 250721s1991 xx 000 0 ara d
082 1 4 _a211.6/كام
100 1 _aولويل، كامل جميل
245 1 0 _aالاحصاء السيكولوجي التطبيقي /
264 1 _aدبي :
_bمؤسسة المنار،
_c1991.
300 _a272ص.
650 1 7 _aالقرآن الكريم
650 1 7 _aألفاظ القرآن
650 1 7 _aالبلاغة
650 1 7 _aاللغة العربية
942 _2ddc
_cBK
999 _c5981
_d5981